000 00761nam a2200253 a 4500
008
020 _a0470014820 (hbk.)
090 _aHD58.8
_bSCH
100 1 _aSchabracq, Marc J.
245 1 0 _aChanging organisational culture :
_bthe change agent`s guidebook /
_cMarc J. Schabracq.
260 _aWest Sussex:
_bJohn Wiley,
_cc2007.
300 _avii, 254 p.:
_bill. ;
_c25 cm.
500 _aIncludes index.
504 _aIncludes bibliographical references.
650 _aLeadership.
650 _aCorporate culture.
650 1 _aOrganisational change.
907 _a.b10285350
_b01-08-11
_c27-10-10
003
005 20230123125052.0
040 _cNUST
049 _aMAIN
942 _cBOOKS
_kHD58.8
_mSCH
999 _c135165
_d135165